[Event "ch-SRB w 2011"]
[Site "Belgrade SRB"]
[Date "2011.04.20"]
[Round "9"]
[White "Panic,A"]
[Black "Miladinovic,L"]
[Result "0-1"]
[WhiteElo "1894"]
[BlackElo "2086"]

1.e4 c5 2.Nf3 e6 3.d4 cxd4 4.Nxd4 Nc6 5.Nb5 d6 6.Bf4 e5 7.Be3 a6 8.N5c3 Nf6
9.Bg5 Be7 10.Bxf6 Bxf6 11.Nd5 Bg5 12.c4 O-O 13.g3 f5 14.Bg2 f4 15.O-O Nd4
16.f3 Be6 17.Nbc3 Rc8 18.b3 b5 19.cxb5 axb5 20.Rc1 fxg3 21.f4 gxh2+ 22.Kh1 Bh6
23.b4 Bxd5 24.Nxd5 Rxc1 25.Qxc1 exf4 26.Qd1 Nc6 27.Nc3 Ne5 28.Nxb5 Qg5 29.Nd4 f3
30.Bxf3 Nxf3 31.Rxf3 Rc8 32.Ne2 Qg4 33.Qb3+ Kh8 34.Kxh2 Qxe4 35.Rf2 Qe5+
36.Ng3 Bf4 37.Kg2 h6 38.Qf3 Bxg3 39.Qxg3 Qe4+ 40.Kh2 Qxb4 41.Rg2 Qd4 42.Qg4 Qe5+
43.Kh3 Rc1 44.Rg1 Qe3+ 45.Kh2 Qe5+ 46.Kh3 Rxg1 47.Qxg1 Qe6+ 48.Qg4 Qxa2  0-1

[Event "TCh-RUS Premier"]
[Site "Olginka RUS"]
[Date "2011.04.22"]
[Round "10"]
[White "Vokarev,S"]
[Black "Matlakov,M"]
[Result "1/2-1/2"]
[WhiteElo "2455"]
[BlackElo "2625"]

1.e4 c5 2.Nf3 e6 3.d4 cxd4 4.Nxd4 Nc6 5.Nb5 d6 6.Bf4 e5 7.Be3 a6 8.N5c3 Nf6
9.Bg5 Be7 10.Bxf6 Bxf6 11.Nd2 Be6 12.Nc4 Nd4 13.Ne3 Rc8 14.Bd3 Bg5 15.Ncd5 O-O
16.c3 Nc6 17.O-O g6 18.Kh1 Kh8 19.Bc2 Bh6 20.Qe2 Bxe3 21.Nxe3 Qb6 22.Bd3 Ne7
23.Rfd1 Rfd8 24.Rd2 f6 25.Bc4 Bxc4 26.Nxc4 Qc6 27.Na5 Qc7 28.Nb3 Rd7 29.Rad1 b5
30.a3 Rcd8 31.Na1 d5 32.exd5 Nxd5 33.Nc2 Nf4 34.Rxd7 Rxd7 35.Rxd7 Qxd7 36.Qe1 Kg7
37.Ne3 Qd3 38.Kg1 Ne2+ 39.Kh1 f5 40.Qd1 Qxd1+ 41.Nxd1 f4 42.f3  1/2-1/2

[Event "Sydney International Open"]
[Site "Sydney AUS"]
[Date "2011.04.27"]
[Round "2"]
[White "Kresovic,V"]
[Black "Hansen,SuB"]
[Result "1-0"]
[WhiteElo "2246"]
[BlackElo "2603"]

1.e4 c5 2.Nf3 e6 3.d4 cxd4 4.Nxd4 Nc6 5.Nb5 d6 6.c4 Nf6 7.N1c3 a6 8.Na3 Be7
9.Be2 O-O 10.O-O b6 11.Be3 Bb7 12.f3 Rb8 13.Nc2 Ne5 14.Rc1 Rc8 15.Na3 Ned7
16.Qd2 Re8 17.Rfd1 Qc7 18.Kh1 Qb8 19.Bf1 Kh8 20.Nc2 Ba8 21.Nd4 Bd8 22.b3 Bc7
23.Nde2 Rg8 24.Bf4 Ne5 25.Ng3 h6 26.Be2 Rcd8 27.Be3 Ned7 28.f4 Rge8 29.Bf3 Bb7
30.Nh5 Nxh5 31.Bxh5 Re7 32.Qf2 Nf6 33.Bf3 Qa8 34.Qh4 Rde8 35.f5 exf5 36.Bxh6 Nh7
37.Bg5 f6 38.Be3 g5 39.Qf2 g4 40.Be2 Bxe4 41.Bf1 Ng5 42.Bd4 Kg7 43.Qh4 Nh7
44.Nd5 Bxd5 45.cxd5 Bd8 46.Qf2 Qxd5 47.Bxf6+ Nxf6 48.Rxd5 Nxd5 49.Qxf5 Ne3
50.Qg5+ Kh8 51.Bd3 Re6 52.Qh5+ Kg7 53.Qh7+ Kf6 54.Re1 d5 55.Rxe3 Rxe3 56.Qh6+  1-0

[Event "XXX Zalakaros Open"]
[Site "Zalakaros HUN"]
[Date "2011.05.24"]
[Round "5"]
[White "Toplak,S"]
[Black "Bea,B"]
[Result "1/2-1/2"]
[WhiteElo "1892"]
[BlackElo "2124"]

1.e4 c5 2.Nf3 e6 3.d4 cxd4 4.Nxd4 Nc6 5.Nb5 d6 6.N1c3 a6 7.Na3 b5 8.Nab1 Nf6
9.f3 Be7 10.Bf4 O-O 11.Nd2 Qb6 12.Nb3 Rd8 13.Qe2 Bb7 14.Be3 Qc7 15.Qf2 Nd7
16.O-O-O Nce5 17.h3 Rac8 18.Bd3 Re8 19.Kb1 Bc6 20.f4 Nxd3 21.cxd3 Bf6 22.Rc1 Nb8
23.g4 g6 24.h4 b4 25.Ne2 Qd7 26.g5 Bg7 27.h5 Bb5 28.Rcd1 a5 29.hxg6 hxg6
30.Qh2 a4 31.Nbd4 Kf8 32.Nxb5 Qxb5 33.Nd4 Bxd4 34.Bxd4 Ke7 35.Bf6+ Kd7 36.Qh7 Rf8
37.Bg7 Rfe8 38.Bd4 Rf8 39.Bg7 Rfe8  1/2-1/2

[Event "3rd Limpedea Cup"]
[Site "Baia Sprie ROU"]
[Date "2011.05.25"]
[Round "3"]
[White "Soltanici,R"]
[Black "Manea,Al"]
[Result "1/2-1/2"]
[WhiteElo "2367"]
[BlackElo "2405"]

1.e4 c5 2.Nf3 e6 3.d4 cxd4 4.Nxd4 Nc6 5.Nb5 Nf6 6.N1c3 Bc5 7.Bf4 O-O 8.Bc7 Qe7
9.Bd6 Bxd6 10.Qxd6 Ne8 11.Qxe7 Nxe7 12.O-O-O f5 13.Nd6 Nxd6 14.Rxd6 fxe4
15.Nxe4 Nf5 16.Rd2 d5 17.Ng5 Nd6 18.Bd3 h6 19.Nf3 Bd7 20.Re1 Rad8 21.Nd4 Rf6
22.Rde2 Re8 23.h4 Rf4 24.Nxe6 Rxh4 25.Bg6 Re7 26.g3 Rh2 27.b3 Be8 28.Bd3 Bf7
29.Nd8 Rxe2 30.Rxe2 Kf8 31.Kb2 d4 32.Ne6+ Bxe6 33.Rxe6 Nf7 34.f4 Rg2 35.Rg6 Nd8
36.f5 Nf7 37.f6 gxf6 38.Rxf6 Ke7 39.Rf4 Rxg3 40.Re4+ Kf6 41.Rxd4 Rg7 42.Ra4 Ne5
43.Rf4+ Ke6 44.Bf5+ Ke7 45.Be4 b6 46.Ba8 Rg4 47.Rf1 Rg5 48.Kc3 h5 49.Rf4 Ng6
50.Ra4 Rc5+ 51.Kd4 Rc7 52.Be4 Rd7+ 53.Ke3 Kf6 54.Rc4 Ne7 55.Kf4 Nd5+ 56.Bxd5 Rxd5
57.Rc6+  1/2-1/2

[Event "FSGM June"]
[Site "Budapest HUN"]
[Date "2011.06.09"]
[Round "6"]
[White "Szabo,Krisz1"]
[Black "Zwahr,P"]
[Result "1-0"]
[WhiteElo "2512"]
[BlackElo "2340"]

1.e4 c5 2.Nf3 e6 3.d4 cxd4 4.Nxd4 Nc6 5.Nb5 d6 6.c4 Nf6 7.N1c3 a6 8.Na3 Be7
9.Be2 b6 10.O-O Bb7 11.Be3 O-O 12.f3 Qc7 13.Rc1 Ne5 14.Qd2 Rac8 15.Rfd1 Ned7
16.Bf1 Qb8 17.Kh1 Rfd8 18.Qf2 Ba8 19.Nc2 Re8 20.Nd4 Bd8 21.b4 Bc7 22.Qg1 Rcd8
23.Rc2 Bb7 24.Na4 d5 25.exd5 exd5 26.c5 b5 27.c6 bxa4 28.cxb7 Qxb7 29.b5 a5
30.Qf2 Ne5 31.Bg5 Ned7 32.Nc6 Ra8 33.Qh4 a3 34.Bd3 Be5 35.Nxe5 Rxe5 36.Bf4 Rh5
37.Qf2 d4 38.Bf1 Rc5 39.Rxd4 Rxc2 40.Qxc2 Re8 41.Qd2 Qa7 42.Be3 Qc7 43.Bf2 h6
44.Kg1 Ne5 45.Ra4  1-0

[Event "14th Iraklio's Open"]
[Site "Athens GRE"]
[Date "2011.06.12"]
[Round "2"]
[White "Kokolias,K"]
[Black "Gantis,K"]
[Result "1-0"]
[WhiteElo "2202"]
[BlackElo "1952"]

1.e4 c5 2.Nf3 e6 3.d4 cxd4 4.Nxd4 Nc6 5.Nb5 d6 6.Bf4 e5 7.Be3 a6 8.N5c3 Nf6
9.Bg5 Be7 10.Bxf6 Bxf6 11.Nd5 Be6 12.Bc4 b5 13.Nxf6+ Qxf6 14.Bxe6 Qxe6 15.Nc3 O-O
16.Nd5 Rac8 17.c3 f5 18.Qb3 Rf7 19.Ne3 Qxb3 20.axb3 fxe4 21.Rxa6 Rb7 22.b4 Kf7
23.Ke2 Ke6 24.Rd1 Rcc7 25.h3 Ra7 26.Rda1 Rab7 27.Nf1 d5 28.Nd2 Kf5 29.Nb3 d4
30.Nc5 Rb8 31.g4+ Kg6 32.Nxe4 Kf7 33.Nc5 Ke7 34.f3 Kd6 35.Rd1 Kd5 36.h4 Kc4
37.Ne4 Ne7 38.h5 Nd5 39.Nd2+  1-0

[Event "61st ch-RUS HL w"]
[Site "Taganrog RUS"]
[Date "2011.06.20"]
[Round "5"]
[White "Kovanova,B"]
[Black "Vasilevich,I"]
[Result "1-0"]
[WhiteElo "2361"]
[BlackElo "2342"]

1.e4 c5 2.Nf3 e6 3.d4 cxd4 4.Nxd4 Nc6 5.Nb5 d6 6.c4 Nf6 7.N1c3 a6 8.Na3 b6
9.Be3 Ne5 10.Be2 Bb7 11.f3 Be7 12.O-O Qc7 13.Qb3 Ned7 14.Rfd1 Rc8 15.Kh1 O-O
16.Rac1 Bd8 17.Bf1 Qb8 18.Bg1 Bc7 19.Nc2 Kh8 20.Ne3 Rg8 21.Qc2 g5 22.b4 Rg6
23.Qb2 Kg8 24.Rb1 Rh6 25.g3 Ne5 26.Bg2 Qa8 27.c5 dxc5 28.bxc5 Ned7 29.Rxd7 Nxd7
30.Ng4 Rg6 31.cxb6 Bb8 32.Rd1 h5 33.Rxd7 hxg4 34.Qb4 Re8 35.Bd4 e5 36.Be3 a5
37.Qb3 Rge6 38.Bf1 a4 39.Qb4 gxf3 40.Nd5 Kg7 41.Bxg5 a3 42.Qb3 Bxd5 43.exd5 Rd6
44.Qb5 Rxd7 45.Qxd7 f2 46.Bd2 Bd6 47.Qxd6 Qa4 48.Qh6+ Kg8 49.Qg5+ Kf8 50.Qe3 e4
51.Qh6+ Ke7 52.Bg5+ Kd7 53.Bh3+ Re6 54.dxe6+  1-0

[Event "25th Open Pula"]
[Site "Pula CRO"]
[Date "2011.06.24"]
[Round "8.23"]
[White "Wertjanz,Dav"]
[Black "Cherin,D"]
[Result "1-0"]
[WhiteElo "2197"]
[BlackElo "2265"]

1.e4 c5 2.Nf3 e6 3.d4 cxd4 4.Nxd4 Nc6 5.Nb5 d6 6.c4 Nf6 7.N5c3 b6 8.g3 Bb7
9.Bg2 Be7 10.O-O O-O 11.b3 a6 12.Na3 Rb8 13.Bb2 Qd7 14.Qe2 Rfc8 15.Rfd1 Qe8
16.Nc2 Na5 17.Ba3 Qf8 18.Qe3 b5 19.cxb5 axb5 20.Nd4 Ba6 21.Bb4 Qd8 22.h3 Ne8
23.Rac1 h6 24.Nce2 Rxc1 25.Rxc1 Rc8 26.Rxc8 Bxc8 27.Qc3 e5 28.Bxa5 exd4 29.Bxd8 dxc3
30.Bxe7 c2 31.Bd8  1-0

[Event "7th A Ermaka Memorial"]
[Site "Zaporizhzhia UKR"]
[Date "2011.06.30"]
[Round "7.7"]
[White "Ziatdinov,R"]
[Black "Kovalenko,I"]
[Result "0-1"]
[WhiteElo "2425"]
[BlackElo "2581"]

1.e4 c5 2.Nf3 e6 3.d4 cxd4 4.Nxd4 Nc6 5.Nb5 d6 6.c4 Be7 7.Bf4 e5 8.Be3 Be6
9.Bd3 a6 10.N5c3 Bg5 11.Nd5 Bxe3 12.Nxe3 Nge7 13.Nc3 O-O 14.O-O Rc8 15.Qd2 Nd4
16.Rad1 Nec6 17.Kh1 Qg5 18.Ncd5 Bxd5 19.cxd5 Nb8 20.f4 Qd8 21.Nc4 b5 22.Na5 Nd7
23.fxe5 dxe5 24.Rc1 Qb6 25.b4 g6 26.a3 Kg7 27.Qg5 Rxc1 28.Rxc1 Re8 29.h3 Nf6
30.Qe3 Qd6 31.Nb7 Qe7 32.Nc5 Ra8 33.a4 bxa4 34.Bxa6 Nb3 35.Nxb3 axb3 36.b5 Qb4
37.Rb1 b2 38.Qe2 Nxe4 39.Qxb2 Qxb2 40.Rxb2 Nd6 41.Rc2 Rb8 42.Kg1 e4 43.Rc6 Nxb5
44.d6 Nd4 45.Rc4 Nf5 46.d7 Rd8 47.Bc8 Ne7 48.Kf2 f5 49.Ke3 Nd5+ 50.Ke2 Kf6
51.g3 Ke5 52.g4 f4 53.g5 Nb6 54.Rc5+ Kd6 55.Rb5 Nxd7 56.Bb7 Nc5 57.Rb6+ Ke5
58.Rb5 f3+  0-1

[Event "Lev Polugaevsky Mem"]
[Site "Samara RUS"]
[Date "2011.07.06"]
[Round "2"]
[White "Ziatdinov,R"]
[Black "Sanzhaev,D"]
[Result "1-0"]
[WhiteElo "2413"]
[BlackElo "2211"]

1.e4 c5 2.Nf3 e6 3.d4 cxd4 4.Nxd4 Nc6 5.Nb5 d6 6.c4 Nf6 7.N1c3 a6 8.Na3 Be7
9.Be2 O-O 10.O-O b6 11.Be3 Bb7 12.Rc1 Ne5 13.Qd4 Ned7 14.Rfd1 Re8 15.b4 Rc8
16.Nab1 Qc7 17.Nd2 Qb8 18.Nf1 Qa8 19.Ng3 Rc7 20.a3 Rec8 21.f3 Ne8 22.Na4 d5
23.exd5 exd5 24.Bf4 Nd6 25.Nh5 Nf5 26.Qb2 Nf6 27.Bxc7 Rxc7 28.Qe5 Nxh5 29.Qxf5 g6
30.Qe5 Qd8 31.cxd5 Bd6 32.Qd4 Re7 33.Bf1 Bf4 34.Re1 Bxc1 35.Rxc1 b5 36.Nc5 Qxd5
37.Qxd5 Bxd5 38.Nxa6 Re3 39.Nc7 Bc4 40.Bxc4 bxc4 41.a4 Nf4 42.Rxc4 Nd3 43.Re4  1-0

[Event "9th Niki Open"]
[Site "Nachod CZE"]
[Date "2011.07.07"]
[Round "6.32"]
[White "Kozusek,Daniel"]
[Black "Jina,L"]
[Result "1-0"]
[WhiteElo "1728"]
[BlackElo "1868"]

1.e4 c5 2.Nf3 Nc6 3.d4 cxd4 4.Nxd4 e6 5.Nb5 d6 6.c4 a6 7.N5c3 Nf6 8.Be2 Be7
9.Be3 O-O 10.O-O Qc7 11.Nd2 Bd7 12.f4 Rab8 13.Kh1 Nd8 14.Rc1 Bc6 15.b4 b6
16.Bf3 Qd7 17.e5 dxe5 18.fxe5 Ne8 19.a3 Qb7 20.b5 Bxf3 21.Rxf3 Bc5 22.Bxc5 bxc5
23.Rh3 f5 24.Qh5 h6 25.Nf3 Qf7 26.Qh4 a5 27.Rg3 Kh8 28.Rd1 Nb7 29.Ne2 f4
30.Rg4 Qg8 31.Nxf4 Rxf4 32.Rxf4 Nc7 33.Rf1 Rf8 34.Rxf8 Qxf8 35.Nd2 Qe8 36.Qf4 Kg8
37.Ne4 Qe7 38.Nd6 Nd8 39.Qf3 Ne8 40.Nxe8 Qxe8 41.Qa8 Qe7 42.Rd1 Kh7 43.Qxd8 Qf7
44.b6 Qb7 45.Qc7 Qe4 46.Qd7 Qxc4 47.Qd3+  1-0

[Event "ch-BEL"]
[Site "Antwerp BEL"]
[Date "2011.07.09"]
[Round "8.4"]
[White "Dgebuadze,A"]
[Black "Malakhatko,V"]
[Result "1/2-1/2"]
[WhiteElo "2522"]
[BlackElo "2548"]

1.e4 c5 2.Nf3 e6 3.d4 cxd4 4.Nxd4 Nc6 5.Nb5 d6 6.Bf4 e5 7.Be3 Nf6 8.Bg5 Be6
9.Nd2 Rc8 10.Nc4 Nd4 11.Bxf6 gxf6 12.Nxd4 Bxc4 13.Nf5 Qa5+ 14.Qd2 Qxd2+ 15.Kxd2 Be6
16.Bb5+ Kd8 17.Bd3 Bxf5 18.exf5 Bh6+ 19.Kd1 d5 20.f3 Ke7 21.Re1 Rhd8 22.Re2 Kf8
23.Ke1 a6 24.a4 Rd6 25.Kf1 Ke7 26.g3 Kd7 27.Rd1 Rc5 28.c3 d4 29.cxd4 Rxd4
30.Re4 Rcd5 31.Rxd4 Rxd4 32.Bc2 Rxd1+ 33.Bxd1 Bc1 34.b3 a5 35.Ke2 b6 36.Kd3 h6
37.Be2 Kd6 38.Bf1 Ba3 39.Ke4 Bc5 40.Bc4 Ke7 41.g4 Bf2 42.Kd5  1/2-1/2

[Event "6th Polonia Wroclaw Open A"]
[Site "Wroclaw POL"]
[Date "2011.07.09"]
[Round "8"]
[White "Janocha,W"]
[Black "Cyborowski,L"]
[Result "1/2-1/2"]
[WhiteElo "2275"]
[BlackElo "2537"]

1.e4 c5 2.Nf3 e6 3.d4 cxd4 4.Nxd4 Nc6 5.Nb5 d6 6.c4 Nf6 7.N1c3 a6 8.Na3 Be7
9.Be2 O-O 10.O-O b6 11.Be3 Bb7 12.Qb3 Nd7 13.Rfd1 Nc5 14.Qc2 Bf6 15.Rac1 Qe7
16.Qd2 Rfd8 17.f3 Nb4 18.Nc2 Bxc3 19.bxc3 Nxc2 20.Rxc2 Bc6 21.Rb2 Qc7 22.Bf4 e5
23.Be3 Ba4 24.Rdb1 Rab8 25.Bf1 Bd7 26.Qf2 Be6 27.Bxc5 dxc5 28.Rd2 Rxd2 29.Qxd2 Rd8
30.Qc2 Qd6 31.Be2 Qd2 32.Rd1 Qe3+ 33.Kf1 Rxd1+ 34.Qxd1 h6 35.Qd8+ Kh7 36.Qxb6 Qxc3
37.Qxa6 Qa1+ 38.Kf2 Qd4+ 39.Kf1 Qa1+  1/2-1/2

[Event "SPA Open A"]
[Site "Amsterdam NED"]
[Date "2011.07.14"]
[Round "6"]
[White "Spiler,Angelo"]
[Black "Volkers,A"]
[Result "0-1"]
[WhiteElo "2111"]
[BlackElo "2046"]

1.e4 c5 2.Nf3 e6 3.d4 cxd4 4.Nxd4 Nc6 5.Nb5 d6 6.Bf4 e5 7.Be3 a6 8.N5c3 Nf6
9.Bc4 Be6 10.Nd5 Nxe4 11.Bb6 Qg5 12.Nc7+ Kd7 13.Bxe6+ fxe6 14.Nxa8 Qxg2 15.Rf1 Be7
16.Nc3 Nxc3 17.bxc3 Rxa8 18.Qd3 Qxh2 19.O-O-O Qf4+ 20.Kb1 Qa4 21.Ka1 e4 22.Qg3 Qb5
23.Qe3 Bf6 24.Bd4 Nxd4 25.cxd4 Qc6 26.Rfe1 Qxc2 27.Rd2 Qc6 28.Qxe4 Qxe4 29.Rxe4 Rc8
30.Kb1 d5 31.Re1 Rc4 32.Rde2 Rc6 33.Rd1 h5 34.f4 Rc4 35.Rb2 b5 36.Rbd2 h4
37.Rd3 b4 38.Kb2 Ke7 39.Kb3 Kf7 40.a3 bxa3 41.Ka2 Kg6 42.Rxa3 Rxd4 43.Rxa6  0-1

[Event "SPA Open A"]
[Site "Amsterdam NED"]
[Date "2011.07.15"]
[Round "7"]
[White "Geenen,M"]
[Black "Pauw,S"]
[Result "0-1"]
[WhiteElo "2267"]
[BlackElo "2115"]

1.e4 c5 2.Nf3 e6 3.d4 cxd4 4.Nxd4 Nc6 5.Nb5 d6 6.Bf4 e5 7.Be3 a6 8.N5c3 Nf6
9.Bc4 Be7 10.Nd5 O-O 11.Bb6 Qd7 12.Nbc3 Bd8 13.Qd2 Nxd5 14.Nxd5 Qg4 15.f3 Bh4+
16.Kf1 Qg6 17.Rd1 Be6 18.g4 Bxg4 19.Rg1 Bh3+ 20.Ke2 Qh5 21.Nc3 Kh8 22.Qxd6 Be7
23.Qc7 Be6 24.Bxe6 Qxh2+ 25.Bf2 fxe6 26.Qxb7 Rac8 27.Qd7 Qf4 28.Rg3 Qf6 29.Qd3 Nb4
30.Qd2 Qf7 31.Rdg1 Rcd8 32.Qc1 Bh4 33.Rh3 Bxf2 34.Kxf2 Qa7+ 35.Kg2 Rf6 36.Qg5 Qf7
37.Rgh1 h6 38.Qxe5 Rd2+ 39.Kg1 Qa7+  0-1

[Event "Najdorf Memorial"]
[Site "Warsaw POL"]
[Date "2011.07.22"]
[Round "9"]
[White "Kocwin,B"]
[Black "Zozulia,A"]
[Result "1-0"]
[WhiteElo "2241"]
[BlackElo "2381"]

1.e4 c5 2.Nf3 Nc6 3.d4 cxd4 4.Nxd4 e6 5.Nb5 d6 6.Bf4 e5 7.Be3 Be6 8.c4 Nf6
9.f3 Be7 10.Be2 O-O 11.O-O Rc8 12.b3 Ne8 13.Qd2 a6 14.N5c3 Nd4 15.Kh1 f5
16.Bd3 Nf6 17.exf5 Nxf5 18.Bxf5 Bxf5 19.Nd5 Nxd5 20.Qxd5+ Rf7 21.Nd2 Qd7
22.Ne4 b5 23.cxb5 Qxb5 24.Qxb5 axb5 25.Rfc1 Rxc1+ 26.Rxc1 d5 27.Nc5 Rf8 28.a4 Rc8
29.Nd3 Rxc1+ 30.Nxc1 bxa4 31.bxa4 Bb4 32.Na2 Ba5 33.Bc5 d4 34.Bb4 Bxb4 35.Nxb4 d3
36.Nd5 d2 37.Nc3 Bc2 38.a5 d1=Q+ 39.Nxd1 Bxd1 40.a6 Bb3 41.Kg1 Kf7 42.Kf2 Bd5
43.h4 e4 44.fxe4 Bxe4 45.g4 Ke6 46.Kg3 Ke5 47.h5 Bc6 48.a7 Ba8 49.Kh3 Kf4
50.Kh4 Bf3  1-0

[Event "Czech GM Open A"]
[Site "Pardubice CZE"]
[Date "2011.07.24"]
[Round "3.72"]
[White "Gorbatov,A"]
[Black "Seifert,C"]
[Result "1/2-1/2"]
[WhiteElo "2375"]
[BlackElo "2193"]

1.e4 c5 2.Nf3 e6 3.d4 cxd4 4.Nxd4 Nc6 5.Nb5 Nf6 6.N1c3 Bb4 7.a3 Bxc3+ 8.Nxc3 d5
9.exd5 exd5 10.Bd3 O-O 11.O-O d4 12.Ne2 Bg4 13.f3 Bh5 14.Nf4 Bg6 15.Nxg6 hxg6
16.Re1 Nd5 17.Bc4 Qd6 18.Qe2 Rac8 19.Bd2 Qc5 20.Bd3 Qb6 21.Qf2 Ne3 22.b4 Rfe8
23.f4 Re7 24.c4 Rce8 25.Re2 Nb8 26.Rae1 Nd7 27.c5 Qe6 28.Bb5 a6 29.Ba4 b5
30.cxb6 Qxb6 31.h3 Qc7 32.Bxd7 Qxd7 33.Bxe3 Qb5 34.Qf3 dxe3 35.Rxe3 Qb6 36.Kf2 Qd4
37.h4 Re6 38.Re2 R6e7  1/2-1/2

[Event "20th ZDMI Open A"]
[Site "Dresden GER"]
[Date "2011.08.07"]
[Round "2"]
[White "Szabo,Krisz1"]
[Black "Strunski,A"]
[Result "1-0"]
[WhiteElo "2542"]
[BlackElo "2352"]

1.e4 c5 2.Nf3 e6 3.d4 cxd4 4.Nxd4 Nc6 5.Nb5 d6 6.c4 Nf6 7.N1c3 a6 8.Na3 Be7
9.Be2 O-O 10.O-O b6 11.Be3 Bd7 12.Rc1 Qb8 13.f4 Rc8 14.g4 Be8 15.g5 Nd7 16.Qe1 Bf8
17.f5 Nce5 18.Qg3 b5 19.cxb5 axb5 20.fxe6 fxe6 21.Naxb5 Nc5 22.Rcd1 Be7 23.Qh3 Kh8
24.Bxc5 Rxc5 25.Qxe6 Ng6 26.Rd5 Qb6 27.Kh1 Bc6 28.Nxd6 Bxd6 29.Qxd6 Rxc3
30.bxc3 Rb8 31.Rd4  1-0

[Event "FSGM August"]
[Site "Budapest HUN"]
[Date "2011.08.09"]
[Round "4"]
[White "Konnyu,J"]
[Black "Szabolcsi,J"]
[Result "0-1"]
[WhiteElo "2370"]
[BlackElo "2357"]

1.e4 c5 2.Nf3 e6 3.d4 cxd4 4.Nxd4 Nc6 5.Nb5 d6 6.c4 Nf6 7.N1c3 a6 8.Na3 d5
9.exd5 exd5 10.cxd5 Nb4 11.Bc4 Bg4 12.Qd4 b5 13.Bb3 Bc5 14.Qe5+ Kf8 15.O-O Nd3
16.Qg3 Nxc1 17.Raxc1 Bd6 18.Qh4 b4 19.Nc4 bxc3 20.Nxd6 Qxd6 21.bxc3 h6 22.h3 Bf5
23.Qd4 Rc8 24.c4 Nd7 25.Rfe1 Nc5 26.Rc3 h5 27.Re5 Bg6 28.Rf3 Kg8 29.Qf4 Qd7
30.d6 Ne6 31.Rxe6 fxe6 32.Rg3 Qf7 33.Qd4 Kh7 34.Rf3 Qd7 35.c5 Rhd8 36.Rg3 e5
37.Qxe5 Qf5  0-1

[Event "CECLUB Div2 Gp1"]
[Site "Padron ESP"]
[Date "2011.08.10"]
[Round "1"]
[White "Espineira Gonzalez,D"]
[Black "Gonzalez Menendez,I"]
[Result "1-0"]
[WhiteElo "2360"]
[BlackElo "2448"]

1.e4 c5 2.Nf3 e6 3.d4 cxd4 4.Nxd4 Nc6 5.Nb5 d6 6.c4 Nf6 7.N1c3 a6 8.Na3 Be7
9.Be2 O-O 10.Be3 b6 11.f4 Bb7 12.Bf3 Rc8 13.O-O Na5 14.Qe2 d5 15.exd5 Bxa3
16.bxa3 Rxc4 17.Rac1 Nxd5 18.Nxd5 Bxd5 19.Bxd5 exd5 20.Rfd1 Re8 21.Qd3 Rxc1
22.Bxc1 g6 23.f5 Qd6 24.Bb2 Nc6 25.Qxd5 Qxd5 26.Rxd5 Rd8 27.Rxd8+ Nxd8 28.Bd4 b5
29.g4 gxf5 30.gxf5 Kf8 31.Kf2 Nc6 32.Bc5+ Kg7 33.Ke3 Na5 34.Ke4 Nc4 35.Be7 Nd2+
36.Kd5 Nf1 37.h3 Ne3+ 38.Ke4 Nd1 39.Kd4 Nf2 40.Kc5 Nxh3 41.Kb6 Nf4 42.Kxa6 Nd5
43.Bh4 b4 44.a4 Nc3 45.a5 Nxa2 46.Bf2 Kf6 47.Bd4+ Ke7 48.Kb7 Nc3 49.a6 Nb5
50.Bc5+ Kd7 51.Bxb4 h5 52.Kb6 Nc7 53.a7 Kc8 54.Bd6 Na8+ 55.Kc6 h4 56.f6 h3
57.Bh2  1-0

[Event "26th Schwarzacher Open"]
[Site "Schwarzach AUT"]
[Date "2011.08.27"]
[Round "8"]
[White "Brunier,J"]
[Black "Seisenberger,Georg"]
[Result "1-0"]
[WhiteElo "2060"]
[BlackElo "2055"]

1.e4 c5 2.Nf3 e6 3.d4 cxd4 4.Nxd4 Nc6 5.Nb5 d6 6.c4 Nf6 7.N1c3 a6 8.Na3 Be7
9.Be2 O-O 10.O-O b6 11.Be3 Bb7 12.f4 d5 13.cxd5 exd5 14.Nxd5 Nxd5 15.Qxd5 Qxd5
16.exd5 Nb4 17.Bxb6 Nxd5 18.Bd4 Rad8 19.Rad1 Rfe8 20.Bc4 Rc8 21.Bb3 Bd6 22.g3 Bb4
23.Nc4 Re4 24.Nb6 Rxd4 25.Bxd5 Bxd5 26.Rxd4 Bc5 27.Nxd5 Bxd4+ 28.Kg2 Rc2+
29.Kh3 g6 30.Rb1 Bxb2 31.Nb4 Rd2 32.Nxa6 Bd4 33.Nb4 h5 34.Nc6 Bf6 35.a4 Rc2
36.Nb8 Ra2 37.Rb4 Bc3 38.Rc4 Ra3 39.Nc6 Kg7 40.Na7 Be1 41.Nc6 Ra2 42.Ne5 Ba5
43.Rc6 Bd8 44.Ra6 g5 45.fxg5 Bxg5 46.Ra7 Kf6 47.Nf3 Be3 48.Ra5 Kg7 49.Rxh5 Rxa4
50.Rb5 Ra2 51.Nh4 Bg1 52.Ng2 Kf6 53.Rb1 Bd4 54.Rf1+ Kg7 55.Nh4 Bf6 56.Nf5+ Kg6
57.Ne3 Bd4 58.Nd5  1-0

[Event "Richard Reti Mem"]
[Site "Trnava SVK"]
[Date "2011.08.30"]
[Round "3.2"]
[White "Jurcik,Mari"]
[Black "Lanc,A"]
[Result "1/2-1/2"]
[WhiteElo "2481"]
[BlackElo "2367"]

1.e4 c5 2.Nf3 e6 3.d4 cxd4 4.Nxd4 Nc6 5.Nb5 d6 6.c4 Nf6 7.N1c3 a6 8.Nd4 Qc7
9.Be3 Be7 10.Be2 O-O 11.O-O Bd7 12.Rc1 Nxd4 13.Bxd4 b6 14.f3 Qb7 15.Bxf6 gxf6
16.f4 Kh8 17.Bh5 Rac8 18.Qd3 Qc7 19.Qh3 Be8 20.f5 Qc5+ 21.Kh1 Qe5 22.Bg4 Bd7
23.fxe6 fxe6 24.Nd5 exd5 25.Bxd7 Rxc4 26.Bf5 Rf7 27.exd5 Rxc1 28.Rxc1 Bd8
29.Be6 Rc7 30.Qh6 Rxc1+ 31.Qxc1 f5 32.Qc3  1/2-1/2

[Event "VII Ugra Governor's Cup"]
[Site "Khanty-Mansiysk RUS"]
[Date "2011.08.31"]
[Round "1"]
[White "Fedorov,Alex"]
[Black "Perevozkin,Anatoly"]
[Result "1-0"]
[WhiteElo "2598"]
[BlackElo "1911"]

1.e4 c5 2.Nf3 Nc6 3.d4 cxd4 4.Nxd4 e6 5.Nb5 d6 6.c4 a6 7.N5c3 Nge7 8.Be3 Ng6
9.Be2 Be7 10.O-O O-O 11.Na4 Bf6 12.Nbc3 Rb8 13.Qd2 Qe7 14.Rad1 Rd8 15.Bb6 Rd7
16.f4 Qf8 17.Kh1 Bd8 18.f5 exf5 19.exf5 Nge5 20.Ne4 f6 21.Nxd6 Bxb6 22.Nxb6 Rd8
23.c5 g6 24.fxg6 hxg6 25.Nd5 f5 26.Qg5 Rxd6 27.cxd6 Kg7 28.Nf4 Bd7 29.Bf3 Kh7
30.Bxc6 bxc6 31.Rfe1 Re8 32.Rxe5 Rxe5 33.Nxg6 Qxd6 34.Qh5+  1-0

[Event "Richard Reti Mem"]
[Site "Trnava SVK"]
[Date "2011.08.31"]
[Round "4.2"]
[White "Petenyi,T"]
[Black "Jurcik,Mari"]
[Result "1/2-1/2"]
[WhiteElo "2398"]
[BlackElo "2481"]

1.e4 c5 2.Nf3 e6 3.d4 cxd4 4.Nxd4 Nc6 5.Nb5 d6 6.c4 Nf6 7.N5c3 b6 8.g3 Bb7
9.Bg2 Be7 10.O-O O-O 11.Na3 Rc8 12.Be3 Qc7 13.Rc1 Ne5 14.h3 Qb8 15.Qe2 Qa8
16.Bf4 Ng6 17.Bd2 Rfd8 18.f4 Nd7 19.Nc2 Bf6 20.Rfe1 a6 21.Nb4 Ne7 22.b3 Nc6
23.Nxc6 Bxc6 24.Nd1 b5 25.cxb5 axb5 26.Bb4 Bd4+ 27.Kh2 Nc5 28.Rc2 Na6 29.Bd2 Bc5
30.Nf2 Nb4 31.Bxb4 Bxb4 32.Rf1 Bd7 33.Nd3 Rxc2 34.Qxc2 Rc8 35.Qe2 Bc3 36.f5 Qa7
37.fxe6 Bxe6 38.Nf4 b4 39.Nxe6 fxe6 40.h4 Rf8 41.Rxf8+ Kxf8 42.Bh3 Ke7 43.Kg2 Qd4
44.Bg4 Qe5 45.Qc4 Kf6 46.Qf1+ Ke7 47.Qc4 Kf6 48.Qf1+ Ke7  1/2-1/2

[Event "InventiChess GM"]
[Site "Antwerp BEL"]
[Date "2011.09.10"]
[Round "8.1"]
[White "Michiels,B"]
[Black "Arakhamia-Grant,K"]
[Result "0-1"]
[WhiteElo "2501"]
[BlackElo "2456"]

1.e4 c5 2.Nf3 e6 3.d4 cxd4 4.Nxd4 Nc6 5.Nb5 d6 6.c4 Nf6 7.N1c3 a6 8.Na3 b6
9.Be2 Bb7 10.O-O Nb8 11.f3 Nbd7 12.Be3 Rc8 13.Qd2 Be7 14.Rfd1 Qc7 15.Rac1 O-O
16.Kh1 Qb8 17.Bf1 Rfe8 18.Nc2 Ba8 19.Nd4 Bd8 20.Rc2 Bc7 21.Bg1 Rcd8 22.b4 Bb7
23.Qc1 Qa8 24.a4 Rc8 25.Nb3 Ne5 26.a5 bxa5 27.bxa5 Nc6 28.Qa3 Nd7 29.Na4 Nxa5
30.Nxa5 Bxa5 31.Rxd6 Bc6 32.c5 Bc7 33.Rd1 Rb8 34.Rdc1 Bf4 35.Rd1 a5 36.Nb6 Nxb6
37.cxb6 a4 38.Rb1 Red8 39.Bb5 Bxb5 40.Rxb5 Bd6 41.Qc3 Qb7 42.Ra5 Rbc8 43.Qd3 Rxc2
44.Qxc2 a3 45.e5 Bf8 46.Ra7 Qc8 47.Qc7 Qxc7 48.bxc7 Rc8 49.Bb6 f6 50.Bd4 Kf7
51.g3 Be7 52.Bb6 fxe5 53.Kg2 Ke8 54.Ra6 Kd7 55.Ba5 Bc5 56.Kf1 Bd4 57.Bb4 Rxc7
58.Rxa3 Rc2 59.Rd3 Kc6 60.Rd2 Rxd2 61.Bxd2 Kd5 62.Ke2 e4 63.f4 g6 64.g4 Bg1
65.Kf1 e3 66.Bc1 Bxh2 67.f5 exf5 68.gxf5 gxf5 69.Bxe3 Ke4 70.Bh6 Kf3 71.Bg5 Bf4
72.Bf6 Be3 73.Be7 h5 74.Bf6 Bf2 75.Be5 h4 76.Bd6 h3 77.Be5 Bg3  0-1

[Event "ch-Euro Youth b14"]
[Site "Albena BUL"]
[Date "2011.09.15"]
[Round "5.20"]
[White "Koitka,Ja"]
[Black "Boruchovsky,A"]
[Result "0-1"]
[WhiteElo "1916"]
[BlackElo "2326"]

1.e4 c5 2.Nf3 e6 3.d4 cxd4 4.Nxd4 Nc6 5.Nb5 d6 6.c4 Nf6 7.N1c3 a6 8.Na3 Be7
9.Be2 O-O 10.O-O Qc7 11.Be3 Ne5 12.f3 b6 13.Rc1 Bb7 14.Qb3 Ned7 15.Rfd1 Rac8
16.Qc2 Qb8 17.Qd2 Bd8 18.Bf4 Ne5 19.Bg5 Rc6 20.b3 h6 21.Be3 Be7 22.Nc2 Rd8
23.Nb4 Rcc8 24.Bxb6 Rd7 25.Na4 d5 26.exd5 exd5 27.c5 Qa8 28.Ba5 Qa7 29.Bb6 Qa8
30.Kh1 a5 31.Nd3 Nc6 32.Ndb2 Nh5 33.f4 Nf6 34.Bd3 g6 35.Re1 Bf8 36.Bb5 Ba6
37.Bxc6 Qxc6 38.Bxa5 Ne4 39.Qe3 Bg7 40.Rcd1 Re8 41.Qf3 Rde7 42.h3 Bxb2 43.Nxb2 Qxc5
44.Rxe4 dxe4 45.Qc3 Qf2 46.Nd3  0-1

[Event "4th Mumbai Mayors Cup"]
[Site "Mumbai IND"]
[Date "2011.09.23"]
[Round "10"]
[White "Sengupta,D"]
[Black "Neelotpal,D"]
[Result "1/2-1/2"]
[WhiteElo "2572"]
[BlackElo "2458"]

1.e4 c5 2.Nf3 e6 3.d4 cxd4 4.Nxd4 Nc6 5.Nb5 d6 6.c4 Nf6 7.N1c3 a6 8.Na3 Be7
9.Be2 b6 10.Be3 O-O 11.O-O Bb7 12.Rc1 Ne5 13.f4 Ng6 14.Qd3 Qc7 15.g3 Rfd8
16.Bf3 Nf8 17.Nab1 Rac8 18.Nd2 N8d7 19.Qe2 Qb8 20.g4 Bc6 21.g5 Ne8 22.Nb3 Ba8
23.Bg2 Nc7 24.Nd4 Re8 25.a3 Bf8 26.b4 g6 27.Nb3 f5 28.gxf6 Nxf6 29.e5 Bxg2
30.Qxg2 Nh5 31.Ne4 d5 32.Nd6 dxc4 33.Nxc8 Nd5 34.Qf2 Qxc8 35.Nd2 b5 36.Ne4 Qc6
37.Ng3 Nxg3 38.hxg3 a5 39.Bc5 axb4 40.axb4 Bxc5 41.bxc5 Rc8 42.g4 Qxc5 43.Qxc5 Rxc5
44.Rf3 b4 45.f5 exf5 46.gxf5 gxf5 47.Rxf5 Ne7 48.Rf4 Ng6 49.Rfxc4 Rxc4 50.Rxc4 Nxe5
51.Rxb4  1/2-1/2